What Factors Are Influencing Members Willingness to Contribute Equity Capital in Agricultural Cooperatives?
Štúdia skúmala faktory ovplyvňujúce ochotu členov prispievať kmeňovým kapitálom svojim poľnohospodárskym družstvám v Etiópii. Cieľom bolo poskytnúť osobám s rozhodovacou právomocou empirické dôkazy o konkrétnych opatreniach, ktoré je potrebné prijať na zvýšenie ochoty členov prispievať kmeňovým kapi...
Guardado en:
| Autor principal: | |
|---|---|
| Otros Autores: | , , |
| Formato: | Capítulo de libro |
| Lenguaje: | inglés |
| Materias: | |
| Etiquetas: |
Sin Etiquetas, Sea el primero en etiquetar este registro!
|
MARC
| LEADER | 00000naa a2200000 4500 | ||
|---|---|---|---|
| 001 | 0278639 | ||
| 005 | 20210922093530.4 | ||
| 041 | 0 | |a eng | |
| 044 | |a SK | ||
| 245 | 1 | 0 | |a What Factors Are Influencing Members Willingness to Contribute Equity Capital in Agricultural Cooperatives? |c Tibebu Bezabih, Fekadu Beyene, Jema Haji, Tesfaye Lemma |
| 520 | |a Štúdia skúmala faktory ovplyvňujúce ochotu členov prispievať kmeňovým kapitálom svojim poľnohospodárskym družstvám v Etiópii. Cieľom bolo poskytnúť osobám s rozhodovacou právomocou empirické dôkazy o konkrétnych opatreniach, ktoré je potrebné prijať na zvýšenie ochoty členov prispievať kmeňovým kapitálom, a tým zlepšiť výkon družstiev. | ||
| 610 | 2 | 0 | |a družstvá poľnohospodárske |
| 610 | 2 | 0 | |a kapitál |
| 610 | 2 | 0 | |a efektívnosť |
| 610 | 2 | 0 | |a výkonnosť podniku |
| 610 | 2 | 0 | |a poľnohospodárstvo |
| 100 | 1 | |a Bezabih, Tibebu | |
| 700 | 1 | |a Beyene, Fekadu | |
| 700 | 1 | |a Haji, Jema | |
| 700 | 1 | |a Lemma, Tesfaye | |